|
|
|
|
| LEADER |
00947nmm a2200229 a 4500 |
| 001 |
000376076 |
| 003 |
CZ BrMZK |
| 005 |
19980115143423.0 |
| 008 |
980115s1998 xr f cze d |
| 020 |
|
|
|a 80-902247-3-3
|
| 040 |
|
|
|a BOA001
|b cze
|
| 080 |
|
|
|a 331.45(086.7)
|2 MRF
|
| 245 |
0 |
0 |
|a Bezpečnost práce :
|b aktuální příručka bezpečnosti a ochrany zdraví při práci : [6. aktualizace] - září 1998
|h [počítačový soubor].
|n Disk č. 2 /
|c [Pavel Petrů, Milan Tomeček a kolektiv autorů].
|
| 260 |
|
|
|a Praha :
|b Verlag Dashöfer,
|c 1998
|
| 300 |
|
|
|a 1 disketa ;
|c 9 x 9 cm
|
| 500 |
|
|
|a Vyd. ke stejnojm. knize: sig.=2-1049.188,září 1998. - K instalaci je třeba disk 1-2
|
| 653 |
0 |
|
|a BOZP(DIS)
|a bezpečnost práce(DIS)
|
| 700 |
1 |
|
|a Petrů, Pavel
|7 ola2003191790
|4 aut
|
| 700 |
1 |
|
|a Tomeček, Milan
|7 xx0015824
|4 aut
|
| 910 |
|
|
|a BOA001
|b DIS-1052.881,září 1998/2
|
| 964 |
|
|
|a Práce
|x bezpečnost
|x příručky
|z r.1998
|x DIS
|
| 990 |
|
|
|a CF
|